Geleceğin İstanbul'u (Record no. 1871)

MARC details
000 -BAŞLIK
Sabit Uzunlukta Kontrol Alanı 00876na a2200253 4500
001 - KONTROL NUMARASI
Denetim Alanı 18501
003 - KONTROL NUMARASI IDENTIFIER
Denetim Alanı MIRAKIL
005 - SON İŞLEM TARİHİ VE ZAMANI
Denetim Alanı 20181213154837.0
008 - SABİT-BOY VERİ ELEMANLARI - GENEL BİLGİLER
Sabit Uzunlukta Kontrol Alanı 161121b tu 000 0
020 ## - ULUSLARARASI STANDART KİTAP NUMARASI
Uluslararası Standart Kitap Numarası 9757741302
035 ## - SİSTEM KONTROL NUMARASI
Sistem Kontrol Numarası 18501
040 ## - KATALOGLAMA KAYNAK
Orijinal Kataloglama Ajansı Milas
Kataloglama Dili tur
Metne Dönüştürmek Ajansı TR-AnCHP
041 ## - DİL KODU
Metin / Ses Parça Veya Ayrı Başlığın Dil Kodu tur
082 ## - DEWEY ONLU SINIFLANDIRMA NUMARASI
Sınıflandırma Numarası 352.9561
Ürün Numarası G34 1993
090 ## - SINIFLAMA NUMARASI
Sınıflama Numarası 352.9561 G34 1993
245 ## - BAŞLIK TABLOSU
Başlık Geleceğin İstanbul'u
Başlığın Kalan demokratik, etkin ve insanca yaşanabilen bir dünya kenti
Sorumluluk Tablosu, Vb T.C. Başbakanlık Toplu Konut İdaresi Başkanlığı
246 ## - UNVAN FORM VARYING
Başlık Doğru / Kısa Başlığı demokratik, etkin ve insanca yaşanabilen bir dünya kenti
260 ## - YAYIN, DAĞITIM, VB
Yayın, Dağıtım, Vb Yeri Ankara
Yayıncı, Dağıtıcı, Vs Adı T.C. Başbakanlık Toplu Konut İdaresi Başkanlığı
Yayın, Dağıtım, Vb Tarihi 1993
300 ## - FİZİKSEL TANIM
Kapsam 95 s.
Boyutlar 27 sm.
490 ## - SERİSİ TABLOSU
Seri Beyanı Yerel Yönetimin Geliştirilmesi Programı Raporlar Dizisi
Hacim / Ardışık Tanımı 5
650 ## - KONU KATMA GİRİŞ - TOPİKAL DÖNEM
Topikal Süreli Veya Coğrafi Ad Giriş Elemanı Yerel yönetimler
Coğrafi Alt Bölümü Türkiye
651 ## - KONU KATMA GİRİŞ - COĞRAFİ ADI
Coğrafi İsim Türkiye
Genel Alt Bölümü İstanbul
942 ## - EKLENDİ GİRİŞ ELEMANLARI (KOHA)
Sınıflandırma Veya Raf Düzeni Kaynak
Koha Öğesi Türü Books
999 ## - SİSTEM KONTROL NUMARALARI (KOHA)
Koha Biblionumber 1871
Koha Biblioitemnumber 1871
Holdings
Kalıcı Konum Mevcut Konum Edinme Tarihi Edinim Kaynak Toplam Check-Out'Lar Tam Çağrı Numarası Barkod Tarih Son Görülme İtibaren Geçerli Fiyatlar Koha Öğesi Türü
CHP Kütüphanesi CHP Kütüphanesi 12/02/2016 Bağış   352.9561 G34 1993 009787 12/02/2016 12/02/2016 Books